| 000 | 00000nas##2200000za#4500 |
| 001 | 9.503273 |
| 003 | CaOODSP |
| 005 | 20200325092822 |
| 007 | cr ||||||||||| |
| 008 | 150406c2001||||xxc|| p o||||f| |0fre|d |
| 022 | |a1914-0266 |
| 040 | |aCaOODSP|bfre |
| 043 | |an-cn--- |
| 086 | 1 |aCD2-8F-PDF |
| 110 | 1 |aCanada.|bAgence canadienne de développement international. |
| 245 | 10|aStratégie de développement durable |h[ressource électronique] |
| 246 | 1 |iTitre de renvoi : |aStratégie de développement durable de l'ACDI |
| 260 | |aHull - Québec : |bAgence canadienne de développement international |c2001-[2007]. |
| 310 | |aTriennal |
| 362 | 1 |a2001/2003 - 2007/2009 |
| 500 | |aLégère variante dans le titre. Variantes dans le sous-titre. Ne paraît plus après la livr. de 2007/2009? |
| 691 | 07|aCoopération internationale|2gcpds |
| 691 | 07|aDéveloppement durable|2gcpds |
| 691 | 07|aDéveloppement international|2gcpds |
| 691 | 07|aPolitique étrangère|2gcpds |
| 775 | 08|tSustainable development strategy |w(CaOODSP)9.506877 |